000 00943nam a2200301 a 4500
001 vtls000196624
003 NLI
005 20210602113033.0
008 101125s1961 gw 000 0 eng
020 _cRs. 6.00
039 9 _y201011252325
_zVLOAD
040 0 _aNLI
_beng
_cVERGIS-2010
_eAACR2
041 0 _aeng
044 _agw
082 0 4 _a832.91
100 1 _aGrimm, Reinhold
_9374468
245 1 0 _aBertolt Brecht /
_cReinhold Grimm
260 _aStuttgart :
_bMetzler,
_c1961
300 _axv, 111 p. ;
_c19 cm.
600 1 0 _aBrecht, Bertolt,
_d1898-1956
_xCriticism and interpretation
_9372732
650 0 _aGerman drama
_xHistory and criticism
_9373028
887 _a
901 _a356239
_b04.10.1963
902 _aE 832.91 G 882 b
942 _2ddc
_cBKS
949 _AVIRTUAITEM
_D10000
_X100
_6PUR000356239ENG
999 _aVIRTUA40
_c200094
_d200094
999 _aVTLSSORT0080*0200*0400*0410*0440*0820*1000*2450*2600*3000*6000*6500*9010*9020*9490*9991